Το ελληνικό βιβλίο, 1476-1830

Αποθηκεύτηκε σε:
Λεπτομέρειες βιβλιογραφικής εγγραφής
Κύριος συγγραφέας: Κουμαριανού, Αικατερίνη, 1919-2012
Άλλοι συγγραφείς: Layton, Evro, Δρούλια, Λουκία
Μορφή: Βιβλίο
Γλώσσα:Greek
Δημοσίευση: Αθήνα : Εθνική Τράπεζα της Ελλάδος, 1986.
Θέματα:
Ετικέτες: Προσθήκη ετικέτας
Δεν υπάρχουν, Καταχωρήστε ετικέτα πρώτοι!

MARC

LEADER 00000cam a2200000 a 4500
001 1/109280
008 151102s1986####gr |||||||||||||| ||gre||
040 |a GR-MyUa  |b gre  |c GR-MyUa  |e AACR2 
041 0 |a gre 
082 7 |a 002.09495   |2 (23)  
100 1 |a Κουμαριανού, Αικατερίνη,   |d 1919-2012. 
245 1 3 |a Το ελληνικό βιβλίο, 1476-1830 /   |c Αικατερίνη Κουμαριανού, Λουκία Δρούλια, Evro Layton.  
260 |a Αθήνα :   |b Εθνική Τράπεζα της Ελλάδος,   |c 1986.  
300 |a 379 σ. :   |b εικ. ;   |c 31 εκ. +   |e 1 διπλ. χάρτης σε θήκη  
500 |3 Χάρτης:   |a "Η χάρτα της Ελλάδος" του Ρήγα, Βιέννη 1796-1797.  
504 |a Βιβλιογραφία: σ. 347-359. Ευρετήριο.  
650 0 |a Books  |z Greece  |x History. 
700 1 |a Layton, Evro. 
700 1 |a Δρούλια, Λουκία. 
852 |a INST  |b LESVOS  |e 20170901  |h 002.09495 ΚΟΥ  |p 005100059948  |q 005100059948  |t BK  |y 0 
852 |a INST  |b LESVOS  |e 20190522  |h 002.09495 ΚΟΥ   |p 005100059949  |q 005100059949  |t BK  |y 0 
852 |a INST  |b SYROS  |e 20151102  |h 002.09495 ΚΟΥ  |p 005500011934  |q 005500011934  |t BK  |y 0 
970 |a Κοντού  |b Παρασκευή  |z 02/11/2015